000 00941cam a22002174a 4500
005 20250605164056.0
008 250528s ||||||||||||||||||||||||d
035 _a17482
020 _a958117608
040 _aGR-AtMCL
_bgre
_dGR-AtMCL
_eAACR2
245 1 _aInternational E-Commerce Regulation / Proceedings of the Regulating Electronic Commerce Group of the XVI th Congress of the International Academy of Comparative Law, 14-20 July 2002, Brisbane, Australia
260 _c2002
300 _a354
520 _aPreface and Acknowledgements, Biographical Notes, General Report, Americas, Canada, United States, Venezuela, Australia, Europe, Belgium, Finland, France, Germany, Greece, Italy, Netherlands, Poland, Spain, Sweden, Switzerland, South Africa.
700 1 _aFitzgerald Ann
_93619
700 1 _aMoens Annelies
_93620
700 1 _aThompson Legal And Regulatory
_93621
942 _cBK
999 _c2891
_d2891